Исследование импульсного пробоя твердых диэлектриков; Тезисы докладов Второй всесоюзной конференции по физике диэлектриков, Москва, 20-28 ноября 1958 г.

Dades bibliogràfiques
Parent link:Тезисы докладов Второй всесоюзной конференции по физике диэлектриков, Москва, 20-28 ноября 1958 г..— 1958.— С. 42-44
Autor principal: Воробьев А. А. Александр Акимович
Altres autors: Воробьев Г. А. Григорий Абрамович
Idioma:rus
Publicat: 1958
Matèries:
Format: MixedMaterials Capítol de llibre
KOHA link:https://koha.lib.tpu.ru/cgi-bin/koha/opac-detail.pl?biblionumber=172590

MARC

LEADER 00000naa2a2200000 4500
001 172590
005 20231031164326.0
035 |a (RuTPU)RU\TPU\book\187161 
035 |a RU\TPU\tpu\631 
090 |a 172590 
100 |a 20091215d1958 k y0rusy50 ca 
101 0 |a rus 
102 |a RU 
200 1 |a Исследование импульсного пробоя твердых диэлектриков  |f А. А. Воробьев, Г. А. Воробьев 
463 0 |0 (RuTPU)RU\TPU\book\186860  |t Тезисы докладов Второй всесоюзной конференции по физике диэлектриков, Москва, 20-28 ноября 1958 г.  |f Академия наук СССР (АН СССР), Физический институт им. П. Н. Лебедева (ФИАН) ; отв. ред. Б. Н. Мацонашвили  |v С. 42-44  |d 1958  |p 91 с. 
610 1 |a физика 
610 1 |a труды учёных ТПУ 
700 1 |a Воробьев  |b А. А.  |c российский физик  |c ректор Томского политехнического института, профессор  |f 1909-1981  |g Александр Акимович  |2 stltpush  |3 (RuTPU)RU\TPU\pers\12805  |4 070 
701 1 |a Воробьев  |b Г. А.  |c российский ученый, электрофизик  |c профессор кафедры техники высоких напряжений Томского политехнического института  |c профессор Томского университета систем управления и радиоэлектроники  |f 1925-  |g Григорий Абрамович  |2 stltpush  |3 (RuTPU)RU\TPU\pers\19775  |4 070 
801 0 |a RU  |b 63413507  |c 20011210  |g PSBO 
801 2 |a RU  |b 63413507  |c 20091218  |g PSBO 
942 |c BK